[Event "Memorial A. Kotov"]
[Site "Tula (Russia)"]
[Date "2007.07.03"]
[Round "5"]
[White "Leonov Mikhail A (RUS)"]
[Black "Kuzin Anton (RUS)"]
[Result "0-1"]
[WhiteElo "2441"]
[BlackElo "2461"]
[PlyCount "66"]
[EventDate "2007.??.??"]
[Source "www.chesslib.no"]
[SourceDate "2004.05.04"]

1. d4 f5 2. g4 fxg4 3. h3 d5 4. Nc3 Nf6 5. Bg5 Nc6 6. Bg2 g3 7. fxg3 Qd6 8. Bf4 Qb4 9. Qd2 Qxd4 10. Qxd4 Nxd4 11. O-O-O Ne6 12. Nxd5 Nxd5 13. Bxd5 Nxf4 14. gxf4 c6 15. Bb3 g6 16. e4 Bh6 17. Ne2 e5 18. Rdf1 exf4 19. Rf3 Rf8 20. Kd1 g5 21. Rg1 Ke7 22. Ke1 Bd7 23. Kf2 Rae8 24. Nd4 Bg7 25. c3 h6 26. Bd1 c5 27. Ne2 Be5 28. Nc1 c4 29. Ne2 Bc6 30. Bc2 Rd8 31. Ke1 Rg8 32. Rgf1 b5 33. Rg1 a5 0-1

[Event "KB Czech Open"]
[Site "Pardubice"]
[Date "2003.07.24"]
[Round "7"]
[White "Galego, Luis"]
[Black "Eryomenko, Volodymyr"]
[Result "1/2-1/2"]
[WhiteElo "2494"]
[BlackElo "2394"]
[PlyCount "52"]
[EventDate "2003.07.18"]
[Source "Roberto Alvarez"]
[SourceDate "2003.07.21"]

1. d4 f5 2. g4 fxg4 3. h3 d5 4. hxg4 Bxg4 5. Qd3 Nf6 6. Bh3 Bxh3 7. Nxh3 Nc6 8. Ng5 Qd7 9. Rxh7 Rxh7 10. Qg6+ Kd8 11. Nxh7 Qh3 12. Nxf6 Qh1+ 13. Kd2 gxf6 14. c3 Qh6+ 15. Qxh6 Bxh6+ 16. e3 Kd7 17. Ke2 Rg8 18. Nd2 e5 19. Nf1 Rg1 20. Bd2 e4 21. Rc1 Ne7 22. c4 f5 23. cxd5 Nxd5 24. Ng3 Rxc1 25. Bxc1 Ke6 26. Bd2 Bf8 1/2-1/2

[Event "Wessels Kro, Ceres Cup"]
[Site "?"]
[Date "1996.??.??"]
[Round "?"]
[White "Hvenekilde Jorgen"]
[Black "Larsen Bent"]
[Result "0-1"]
[WhiteElo "2315"]
[BlackElo "2520"]
[PlyCount "36"]
[EventDate "1996.??.??"]
[Source "www.chesslib.no"]
[SourceDate "2004.05.04"]

1. d4 f5 2. g4 d5 3. gxf5 Bxf5 4. Nf3 Nc6 5. e3 e6 6. Bb5 Nge7 7. Ne5 a6 8. Bxc6+ Nxc6 9. Nxc6 bxc6 10. Nd2 Bd6 11. c4 O-O 12. c5 Be7 13. Rg1 Bh4 14. Nf3 Bxf2+ 15. Kxf2 Be4 16. Rg3 Qh4 17. Kg1 Rxf3 18. Qe1 Raf8 0-1

[Event "Lewkowitz Memorial C"]
[Site "Lewkowitz Memorial C"]
[Date "1994.??.??"]
[Round "?"]
[White "Nielsen, Mogens"]
[Black "Portilho, Gilberto Fraga"]
[Result "1/2-1/2"]
[WhiteElo "2375"]
[BlackElo "2445"]
[PlyCount "51"]
[EventDate "1994.??.??"]
[Source "www.chesslib.no"]
[SourceDate "2004.05.04"]

1. d4 f5 2. g4 fxg4 3. e4 e5 4. d5 Nf6 5. Qd3 Bc5 6. h3 d6 7. Nc3 O-O 8. Be3 Na6 9. O-O-O Qe8 10. Nge2 b5 11. Ng3 b4 12. Nce2 Bxe3+ 13. Qxe3 Nc5 14. Rg1 gxh3 15. f3 Kh8 16. Rh1 Nh5 17. Bxh3 Nf4 18. Bxc8 Rxc8 19. Nf5 Nxe2+ 20. Qxe2 Qf7 21. Rh3 Rcd8 22. Rdh1 g6 23. Rxh7+ Qxh7 24. Rxh7+ Kxh7 25. Qh2+ Kg8 26. Qh6 1/2-1/2

[Event "10.Wuerzburger op (6/2)"]
[Site "?"]
[Date "1994.??.??"]
[Round "?"]
[White "Lisanti"]
[Black "Panchenko"]
[Result "0-1"]
[WhiteElo "2300"]
[BlackElo "2485"]
[PlyCount "108"]
[EventDate "1994.??.??"]
[Source "www.chesslib.no"]
[SourceDate "2004.05.04"]

1. d4 f5 2. g4 fxg4 3. h3 d5 4. Qd3 Nf6 5. hxg4 Bxg4 6. Bh3 Qd7 7. Bf4 Nc6 8. Nd2 O-O-O 9. O-O-O Bxh3 10. Nxh3 e6 11. c3 Bd6 12. Bxd6 cxd6 13. f3 Rdf8 14. e4 g6 15. Kb1 Kb8 16. c4 dxe4 17. fxe4 e5 18. d5 Nd4 19. Rc1 Qe7 20. Rhe1 Nd7 21. b4 g5 22. Ng1 g4 23. Re3 h5 24. Ne2 Nxe2 25. Qxe2 Rc8 26. Rec3 Rhf8 27. Nb3 b6 28. Ka1 Ka8 29. a4 Rb8 30. Qa2 Qh7 31. a5 Qxe4 32. axb6 Rxb6 33. Na5 Nb8 34. b5 a6 35. Nc6 Rf7 36. Ra3 Nxc6 37. dxc6 Qd4+ 38. Kb1 Kb8 39. Rxa6 Rxa6 40. bxa6 Qe4+ 41. Ka1 Qxc6 42. c5 Rc7 43. Rb1+ Ka7 44. cxd6 Qxd6 45. Rb7+ Rxb7 46. axb7+ Kxb7 47. Qf7+ Kc6 48. Qxh5 Qd4+ 49. Kb1 Kd5 50. Kc1 Qf4+ 51. Kd1 Ke4 52. Ke2 Qf3+ 53. Ke1 Qe3+ 54. Kf1 Qh3+ 0-1

[Event "BL2-Ost 0304"]
[Site "Germany"]
[Date "2003.??.??"]
[Round "?.4"]
[White "Euler, Gerd"]
[Black "Wall, Gavin"]
[Result "0-1"]
[WhiteElo "2380"]
[BlackElo "2400"]
[PlyCount "110"]
[EventDate "2003.10.??"]
[Source "Roberto Alvarez"]
[SourceDate "2004.07.26"]

1. d4 f5 2. g4 fxg4 3. h3 g3 4. fxg3 Nf6 5. Nc3 c5 6. Nf3 cxd4 7. Qxd4 Nc6 8. Qf2 e6 9. e4 Bb4 10. Bd3 O-O 11. Qe2 d5 12. e5 Ne4 13. Bxe4 dxe4 14. Qxe4 Qd5 15. Qxd5 exd5 16. Ke2 b6 17. Bf4 h6 18. Nb5 g5 19. c3 Ba6 20. a4 gxf4 21. cxb4 Rae8 22. Rhg1 Kh7 23. Rac1 Nxe5 24. Rc7+ Rf7 25. Rxf7+ Nxf7+ 26. Kf2 fxg3+ 27. Rxg3 Bxb5 28. axb5 Nd6 29. Rg4 Nxb5 30. Nd4 Nxd4 31. Rxd4 Re5 32. b5 Kg6 33. Kf3 Kf6 34. b4 Rf5+ 35. Ke3 Ke5 36. Rg4 Rg5 37. Rh4 h5 38. Kd3 Rf5 39. Kc2 d4 40. Kb3 Rf3+ 41. Ka4 Rc3 42. Rxh5+ Ke4 43. Rh8 d3 44. Re8+ Kf3 45. Rd8 Ke2 46. Re8+ Kd1 47. h4 d2 48. h5 Kc1 49. Rd8 d1=Q+ 50. Rxd1+ Kxd1 51. h6 Rh3 52. h7 Rxh7 53. Kb3 Kd2 54. Ka4 Kc3 55. Ka3 Rh2 0-1

[Event "New Delhi"]
[Site "Delhi"]
[Date "1982.??.??"]
[Round "8"]
[White "Ravikumar, Vaidyanathan"]
[Black "Nasir Ali, Syed"]
[Result "1-0"]
[WhiteElo "2395"]
[BlackElo "2375"]
[PlyCount "95"]
[EventDate "1982.??.??"]
[Source "ChessBase"]

1. d4 f5 2. g4 fxg4 3. h3 gxh3 4. Nxh3 Nf6 5. Nc3 d5 6. Qd3 Nc6 7. Bf4 a6 8. a3 g6 9. f3 Bf5 10. e4 dxe4 11. fxe4 Bxh3 12. Bxh3 Qxd4 13. Bxc7 Qxd3 14. cxd3 Bg7 15. O-O-O e5 16. Nd5 O-O 17. Be6+ Kh8 18. Kb1 Rae8 19. Bh3 Rf7 20. Bb6 Nxd5 21. exd5 Ne7 22. Bd7 Ref8 23. Be6 Rf6 24. Bc5 Re8 25. Bd7 Rd8 26. Bxe7 Rxd7 27. Bxf6 Bxf6 28. Rc1 h5 29. d6 Rxd6 30. Rc7 Rxd3 31. Rxb7 e4 32. Kc2 Rd6 33. Re1 Re6 34. a4 a5 35. b4 axb4 36. a5 Bh4 37. Rf1 Re8 38. Rff7 e3 39. Rh7+ Kg8 40. Rbg7+ Kf8 41. Rh8+ Kxg7 42. Rxe8 Kf7 43. Rxe3 Bd8 44. a6 Bb6 45. Rb3 g5 46. Rxb4 Bg1 47. Kd3 Kf6 48. Rd4 1-0

[Event "CSR Team Ch"]
[Site "Czekhoslovakia"]
[Date "1989.??.??"]
[Round "?"]
[White "Nun, Josef"]
[Black "Polasek, Jaroslav"]
[Result "1-0"]
[WhiteElo "2370"]
[BlackElo "2395"]
[PlyCount "83"]
[EventDate "1989.??.??"]
[Source "www.chesslib.no"]
[SourceDate "2004.05.04"]

1. d4 f5 2. g4 fxg4 3. e4 d6 4. Nc3 e5 5. Nge2 Nf6 6. Bg5 Be7 7. Qd3 c5 8. Bxf6 Bxf6 9. dxc5 dxc5 10. Qc4 Nc6 11. Qxc5 Be6 12. Rd1 Qe7 13. Qxe7+ Bxe7 14. Nd5 Rc8 15. c3 O-O 16. Ng3 Bc5 17. Rd2 Kh8 18. h3 a6 19. hxg4 Bxg4 20. Rh4 Be6 21. b4 Ba7 22. a4 Rf7 23. b5 axb5 24. axb5 Bxd5 25. exd5 Nd8 26. Ne4 Rf4 27. Rxf4 exf4 28. Ra2 Bb6 29. Bh3 Rc4 30. f3 g6 31. Ra8 Kg7 32. Bf1 Rxe4+ 33. fxe4 Kf6 34. c4 Nf7 35. Re8 Bd4 36. Re6+ Kg7 37. d6 b6 38. d7 Nd8 39. Re8 Bf6 40. e5 Bh4+ 41. Kd1 Kf7 42. Bg2 1-0

[Event "CZE Team Ch"]
[Site "Czech Republic"]
[Date "1993.??.??"]
[Round "?"]
[White "Dybowski, Jerzy"]
[Black "Danner, Georg"]
[Result "0-1"]
[WhiteElo "2360"]
[BlackElo "2385"]
[PlyCount "93"]
[EventDate "1993.??.??"]
[Source "www.chesslib.no"]
[SourceDate "2004.05.04"]

1. d4 f5 2. g4 fxg4 3. h3 g3 4. fxg3 Nf6 5. Nc3 c5 6. d5 e6 7. Bg5 exd5 8. Nxd5 Be7 9. Nf3 Nc6 10. Bxf6 Bxf6 11. c3 d6 12. Qd2 O-O 13. O-O-O Bf5 14. Bg2 Qa5 15. Nxf6+ Rxf6 16. Ng5 Kh8 17. Bd5 Ne5 18. e4 c4 19. Kb1 Bd7 20. Rdf1 Raf8 21. Qe2 h6 22. Rxf6 Rxf6 23. Rf1 Qd8 24. Nf7+ Nxf7 25. Bxf7 Bxh3 26. Rxf6 Qxf6 27. Bxc4 b6 28. Qh5 Bd7 29. Qd5 Kh7 30. a3 Kg6 31. Ka2 b5 32. Bb3 a5 33. Qb7 Be8 34. Bd5 a4 35. Qb8 Qe5 36. Qd8 h5 37. b3 axb3+ 38. Kxb3 Bf7 39. Bxf7+ Kxf7 40. Qh4 Kg6 41. Kb4 Kh6 42. g4 Qxe4+ 43. Kxb5 Qxg4 44. Qe1 h4 45. a4 h3 46. a5 h2 47. Kc6 0-1

[Event "NED Team Ch 9596"]
[Site "NED"]
[Date "1995.??.??"]
[Round "?"]
[White "Blaauw, Casper"]
[Black "Bouwmeester, Hans"]
[Result "0-1"]
[WhiteElo "2300"]
[BlackElo "2410"]
[PlyCount "92"]
[EventDate "1995.??.??"]
[Source "www.chesslib.no"]
[SourceDate "2004.05.04"]

1. d4 f5 2. g4 fxg4 3. e4 d6 4. Nc3 Nf6 5. h3 Nc6 6. hxg4 Bxg4 7. f3 Bd7 8. Be3 e5 9. d5 Ne7 10. Qd2 Ng6 11. Nh3 Be7 12. Ng5 Nf8 13. Bh3 Bxh3 14. Rxh3 Qd7 15. Rh2 h6 16. O-O-O Rg8 17. Nh3 Ng6 18. Kb1 Nh4 19. Ng1 g5 20. Bf2 Nh5 21. Nce2 Rg6 22. c4 b6 23. Rc1 Kf7 24. Ng3 Nxg3 25. Bxg3 Kg7 26. Rf1 Rf8 27. Qc3 Kh7 28. b4 Rg7 29. Qa3 Ra8 30. Ne2 Rf7 31. Qd3 a5 32. b5 Raf8 33. f4 exf4 34. Bxh4 gxh4 35. Nd4 Qg4 36. Rhh1 Rg8 37. Nf5 Bg5 38. Nd4 Kh8 39. Rhg1 Qh5 40. Ne6 f3 41. Rh1 Be7 42. Nd4 Rg2 43. Nxf3 Rg3 44. Qd4+ Bf6 45. Qd1 Bg7 46. Nd4 Rxf1 0-1

[Event "HUN Team Ch 9394"]
[Site "HUN"]
[Date "1994.??.??"]
[Round "?"]
[White "Vegh, Endre"]
[Black "Horvath, Julia"]
[Result "1/2-1/2"]
[WhiteElo "2420"]
[BlackElo "2250"]
[PlyCount "101"]
[EventDate "1993.??.??"]
[Source "www.chesslib.no"]
[SourceDate "2004.05.04"]

1. d4 f5 2. g4 fxg4 3. Qd3 d5 4. h3 g3 5. Qxg3 Nf6 6. Nc3 Bf5 7. Bf4 Na6 8. O-O-O e6 9. Be5 Qd7 10. f3 Bb4 11. e4 Bg6 12. Nge2 dxe4 13. Nf4 Bxc3 14. bxc3 Nh5 15. Nxh5 Bxh5 16. Bxa6 bxa6 17. Rdf1 exf3 18. Qh4 Bg6 19. Rxf3 Qa4 20. Rh2 Qxa2 21. Rg2 Qa3+ 22. Kd2 Rf8 23. Rxf8+ Qxf8 24. Rf2 Bf5 25. Qg3 Rb8 26. Bxg7 Qf7 27. Be5 Rb1 28. Qf3 Kd7 29. Rg2 Bg6 30. Qxf7+ Bxf7 31. Rg7 Ke8 32. Bxc7 Bg6 33. Bd6 Rb2 34. Kd1 a5 35. Rxa7 Rxc2 36. Rxa5 Rxc3 37. Be5 Rxh3 38. Ra8+ Kd7 39. Ra7+ Kc6 40. Ke2 Kd5 41. Kf2 Ke4 42. Kg2 Rb3 43. Ra2 h5 44. Rf2 Bf5 45. Rf4+ Kd5 46. Kh2 Re3 47. Bf6 Bg4 48. Kg2 Kc4 49. Be5 Kd3 50. Bf6 Kc4 51. Kf2 1/2-1/2

[Event "First Saturday IM-A - Agosto 2007"]
[Site "Budapest UNG"]
[Date "2007.08.11"]
[Round "8"]
[White "Lang, Torsten"]
[Black "Kadziolka, Beata"]
[Result "1-0"]
[WhiteElo "2374"]
[BlackElo "2287"]
[PlyCount "69"]
[EventDate "2007.08.04"]
[Source "www.chesslib.no"]
[SourceDate "2004.05.04"]

1. d4 f5 2. g4 d5 3. Qd3 g6 4. gxf5 Bxf5 5. Qb5+ Nc6 6. c3 Qd6 7. Bg5 O-O-O 8. Nd2 Bh6 9. h4 Bg7 10. e3 h6 11. Bf4 e5 12. dxe5 Bxe5 13. Bxe5 Nxe5 14. Ngf3 a6 15. Qa4 Ng4 16. Bd3 N8f6 17. Bxf5+ gxf5 18. Rf1 Ne4 19. Qc2 f4 20. Nxe4 dxe4 21. Qxe4 Kb8 22. Rg1 Rhe8 23. Qd4 fxe3 24. Rxg4 Qc6 25. Qf4 exf2+ 26. Kxf2 Rf8 27. Qe4 Qb6+ 28. Kg3 Rde8 29. Qd4 Re3 30. Rf1 Qe6 31. Rf2 h5 32. Rf4 Rg8+ 33. Kh2 Re2 34. Ng5 Qe7 35. Rxe2 1-0

[Event "Bruges BEL"]
[Site "?"]
[Date "2006.03.01"]
[Round "7"]
[White "Piceu Tom"]
[Black "Froeyman Helmut"]
[Result "1-0"]
[WhiteElo "2345"]
[BlackElo "2311"]
[PlyCount "57"]
[EventDate "2006.??.??"]
[Source "www.chesslib.no"]
[SourceDate "2004.05.04"]

1. d4 f5 2. g4 fxg4 3. e4 d5 4. e5 Bf5 5. h3 g3 6. fxg3 e6 7. Bg2 c5 8. c3 Nc6 9. Ne2 Qb6 10. O-O O-O-O 11. a3 c4 12. Nf4 Nge7 13. g4 Bxb1 14. Rxb1 Nxe5 15. b3 Nd3 16. Be3 Nxf4 17. Bxf4 cxb3 18. Rxb3 Qa6 19. c4 Nc6 20. cxd5 exd5 21. Qe1 Nxd4 22. Qe5 Ne2+ 23. Kh1 Bd6 24. Qe6+ Kb8 25. Qxd5 Nxf4 26. Rxb7+ Ka8 27. Rxf4 Bc7 28. Rb8+ Kxb8 29. Qa8# 1-0

[Event "CZE-chT2 9798"]
[Site "CZE"]
[Date "1998.??.??"]
[Round "11.1"]
[White "Varejcko, Josef"]
[Black "Krouzel, Jaroslav"]
[Result "1-0"]
[WhiteElo "2320"]
[BlackElo "2325"]
[PlyCount "97"]
[EventDate "1997.??.??"]
[Source "www.chesslib.no"]
[SourceDate "2004.05.04"]

1. d4 f5 2. g4 fxg4 3. Bf4 Nf6 4. h3 g3 5. Bxg3 d5 6. Nc3 e6 7. Qd3 Bb4 8. O-O-O O-O 9. Nf3 c5 10. Be5 Nbd7 11. Ng5 c4 12. Qe3 Bxc3 13. Qxc3 Qe7 14. Rg1 h6 15. Nf3 Ne4 16. Qe3 Nxe5 17. dxe5 c3 18. Rd4 Kh8 19. Kb1 Bd7 20. bxc3 Rac8 21. c4 Qb4+ 22. Qb3 Qc5 23. c3 Rc6 24. Ka1 Rb6 25. Qc2 Qa3 26. Bg2 Rc8 27. Nh4 Qxc3+ 28. Qxc3 Nxc3 29. Ng6+ Kh7 30. Bf3 Rxc4 31. Rxc4 dxc4 32. Nf8+ Kg8 33. Nxd7 Ra6 34. Kb2 Nb5 35. Bxb7 Ra4 36. Be4 Rb4+ 37. Kc1 Nc3 38. Nf6+ Kf7 39. Kd2 Nxa2 40. Bg6+ Ke7 41. Ne4 Rb2+ 42. Ke3 c3 43. Nc5 c2 44. Bxc2 Rxc2 45. Rxg7+ Ke8 46. Nxe6 a5 47. f4 Nb4 48. f5 Nd5+ 49. Ke4 1-0

[Event "Werfen Open"]
[Site "Werfen"]
[Date "1991.??.??"]
[Round "9"]
[White "Biriukov, Ilja"]
[Black "Niedermayr, Horst"]
[Result "0-1"]
[WhiteElo "2420"]
[BlackElo "2225"]
[PlyCount "116"]
[EventDate "1991.08.??"]
[Source "www.chesslib.no"]
[SourceDate "2004.05.04"]

1. d4 f5 2. g4 fxg4 3. h3 d6 4. Bf4 Nf6 5. e3 c5 6. Nc3 cxd4 7. exd4 g6 8. Be2 g3 9. Bxg3 Bh6 10. h4 Qa5 11. Bf3 Nc6 12. Nge2 Qf5 13. Qd3 a6 14. a3 Qxd3 15. cxd3 Bf5 16. d5 Na5 17. Be4 Nb3 18. Rd1 Bg4 19. Rg1 Rc8 20. Bg2 Nh5 21. Bh2 O-O 22. Be4 Bxe2 23. Kxe2 Nd4+ 24. Kf1 Rf6 25. Kg2 Rcf8 26. Rgf1 Nf4+ 27. Bxf4 Rxf4 28. f3 Rxh4 29. Rh1 Rxh1 30. Rxh1 Kg7 31. Kf2 Rc8 32. Rd1 Bf4 33. a4 b5 34. axb5 axb5 35. Re1 b4 36. Ne2 Rc2 37. Kf1 Be5 38. b3 Rb2 39. Nxd4 Bxd4 40. Rc1 Rxb3 41. Rc7 Kf7 42. Rb7 Rb2 43. Ke1 h5 44. f4 h4 45. f5 g5 46. Bf3 h3 47. Bh5+ Kf6 48. Rb8 h2 49. Bf3 Bc3+ 50. Kd1 h1=Q+ 51. Bxh1 Rb1+ 52. Kc2 Rxh1 53. Rf8+ Kg7 54. Rc8 g4 55. Rc4 Rg1 56. Re4 Kf7 57. Re6 g3 58. Rg6 g2 0-1

[Event "BUL-ch"]
[Site "Shumen"]
[Date "1997.??.??"]
[Round "5"]
[White "Janachkov, Angel"]
[Black "Panbukchian, Valentin"]
[Result "0-1"]
[WhiteElo "2265"]
[BlackElo "2375"]
[PlyCount "65"]
[EventDate "1997.??.??"]
[Source "www.chesslib.no"]
[SourceDate "2004.05.04"]

1. d4 f5 2. g4 fxg4 3. Bf4 d5 4. h3 Nf6 5. hxg4 Bxg4 6. Qd3 Qd7 7. Bh3 Nc6 8. f3 Bxh3 9. Nxh3 e6 10. Nc3 O-O-O 11. O-O-O a6 12. Ng5 h6 13. Be5 Bb4 14. Nh3 Bxc3 15. Qxc3 Nxe5 16. dxe5 Nh5 17. Qd4 Ng3 18. Rh2 g5 19. Rd3 Kb8 20. Qg4 Nf5 21. e4 Ne7 22. exd5 Nxd5 23. f4 Qa4 24. a3 gxf4 25. Qxe6 Ne3 26. Qg6 Rhg8 27. Qh7 Qc6 28. Kb1 Rdf8 29. Rc3 Qb6 30. Nxf4 Rg1+ 31. Ka2 Rxf4 32. Rxh6 Qa5 33. Rxe3 0-1

[Event "St Veit op 17th"]
[Site "St Veit"]
[Date "1998.07.17"]
[Round "7"]
[White "Raffalt, Manfred"]
[Black "Krizsany, Laszlo"]
[Result "0-1"]
[WhiteElo "2205"]
[BlackElo "2410"]
[PlyCount "48"]
[EventDate "1998.07.11"]
[Source "ChessBase"]
[SourceDate "1998.09.09"]

1. d4 f5 2. g4 fxg4 3. e4 d5 4. e5 Bf5 5. h3 g3 6. fxg3 c5 7. Bd3 Bxd3 8. cxd3 cxd4 9. Nf3 Nc6 10. O-O Qd7 11. Na3 Qxh3 12. Bf4 h6 13. Nb5 Rc8 14. Nh4 g5 15. Qh5+ Kd7 16. e6+ Qxe6 17. Rae1 Nf6 18. Qf3 Qg4 19. Ng6 Qxf3 20. Rxf3 a6 21. Na3 Rh7 22. Ne5+ Nxe5 23. Bxe5 Ng4 24. Bxd4 e6 0-1

[Event "FIN-chT9899"]
[Site "FIN"]
[Date "1998.??.??"]
[Round "2"]
[White "Karttunen, Mika"]
[Black "Keskinen, Sauli"]
[Result "0-1"]
[WhiteElo "2245"]
[BlackElo "2355"]
[PlyCount "52"]
[EventDate "1998.??.??"]
[Source "www.chesslib.no"]
[SourceDate "2004.05.04"]

1. d4 f5 2. g4 d5 3. Qd3 fxg4 4. h3 g3 5. fxg3 Nf6 6. Bg2 c5 7. c3 Nc6 8. Nf3 Ne4 9. Ne5 Nxe5 10. dxe5 Bf5 11. Nd2 c4 12. Qe3 Nxd2 13. Bxd2 e6 14. g4 Bg6 15. h4 h6 16. b4 Be7 17. Qg3 a5 18. g5 h5 19. Bh3 axb4 20. cxb4 Qb6 21. Qc3 O-O 22. a4 Be4 23. Rf1 Rxf1+ 24. Bxf1 Qg1 25. Qh3 Bf5 26. Qc3 Bg4 0-1

[Event "Belgrade Open"]
[Site "Belgrade SCG"]
[Date "1991.??.??"]
[Round "?"]
[White "Pantaleev, Dimitar"]
[Black "Vlasov, Igor"]
[Result "1/2-1/2"]
[WhiteElo "2285"]
[BlackElo "2310"]
[PlyCount "81"]
[EventDate "1991.??.??"]
[Source "www.chesslib.no"]
[SourceDate "2004.05.04"]

1. d4 f5 2. g4 fxg4 3. h3 g3 4. fxg3 d5 5. Bg2 Nf6 6. Bf4 Nc6 7. e3 Bf5 8. Nc3 e6 9. Nf3 h6 10. g4 Bh7 11. Qe2 Bd6 12. O-O O-O 13. Rad1 Ne4 14. Nxe4 Bxe4 15. Ne1 Bxg2 16. Qxg2 g5 17. Bxd6 Rxf1+ 18. Qxf1 cxd6 19. Rd2 Qe7 20. Qd3 Kg7 21. Rf2 Rf8 22. c3 Rxf2 23. Kxf2 Qf7+ 24. Kg2 Ne7 25. Qf1 Qe8 26. Qd3 Qa4 27. a3 Qb3 28. Qc2 Qa2 29. Kf3 Qc4 30. h4 gxh4 31. Kg2 Qc8 32. Qf2 Qf8 33. Qf4 Qxf4 34. exf4 Kf6 35. Nf3 a5 36. a4 Nc6 37. Kf2 Na7 38. Nd2 b5 39. b3 bxa4 40. bxa4 Nc8 41. Nb3 1/2-1/2

[Event "Lublin"]
[Site "Lublin"]
[Date "1993.??.??"]
[Round "?"]
[White "Dybowski, Jerzy"]
[Black "Wohlfahrt, Herbert J"]
[Result "1/2-1/2"]
[WhiteElo "2360"]
[BlackElo "2230"]
[PlyCount "96"]
[EventDate "1993.??.??"]
[Source "ChessBase"]

1. d4 f5 2. g4 fxg4 3. h3 g3 4. fxg3 g6 5. Nc3 Bg7 6. Nf3 c5 7. d5 d6 8. Bg2 Nh6 9. g4 Nf7 10. Ne4 Nd7 11. c3 O-O 12. O-O Nde5 13. Qc2 Rb8 14. Nxe5 Bxe5 15. Be3 b6 16. Rf2 Bd7 17. Raf1 Qc7 18. Qd2 Bg7 19. Bf4 Rbe8 20. Ng5 Nxg5 21. Bxg5 Bc8 22. Qe3 Bf6 23. Bh6 Bg7 24. Bxg7 Kxg7 25. c4 Rd8 26. Qa3 a6 27. Qa4 Rxf2 28. Rxf2 Rf8 29. Rxf8 Kxf8 30. Qb3 Bd7 31. Qa3 Qc8 32. Qb3 Qc7 33. Qa3 Qc8 34. Qc3 Kg8 35. Bf3 b5 36. Kg2 b4 37. Qe3 Qf8 38. b3 Qg7 39. Qd2 Qe5 40. Qc2 Kg7 41. Qd2 Be8 42. h4 Bd7 43. Qc1 a5 44. Qg5 Qxg5 45. hxg5 h6 46. e4 a4 47. Kg3 a3 48. Kh4 hxg5+ 1/2-1/2

[Event "Melbourne Masters"]
[Site "Melbourne"]
[Date "1999.07.08"]
[Round "10"]
[White "Depasquale, Chris"]
[Black "Reilly, Tim"]
[Result "0-1"]
[WhiteElo "2302"]
[BlackElo "2258"]
[PlyCount "66"]
[EventDate "1999.??.??"]
[Source "www.chesslib.no"]
[SourceDate "2004.05.04"]

1. d4 f5 2. g4 fxg4 3. e4 d5 4. e5 Bf5 5. Ne2 e6 6. Ng3 g6 7. Nxf5 gxf5 8. h3 Qh4 9. Bg2 g3 10. f4 Ne7 11. Nd2 Ng6 12. Nf3 Qh5 13. Be3 Bh6 14. Qd2 Nc6 15. h4 Qg4 16. Ng5 Bxg5 17. hxg5 Nh4 18. Rxh4 Qxh4 19. Qe2 h6 20. Kd2 hxg5 21. Rh1 Qxh1 22. Bxh1 Rxh1 23. Qf3 Rh2+ 24. Kc3 g4 25. Qxg3 Rh3 26. Qe1 O-O-O 27. b4 Rdh8 28. Kb2 Rh1 29. Qc3 g3 30. b5 Nd8 31. Qa3 Re1 32. Qc3 Rhh1 33. Qd2 Rxe3 0-1

[Event "Corr"]
[Site "?"]
[Date "1997.??.??"]
[Round "?"]
[White "Peddie Ian A"]
[Black "Malmstroem Jan"]
[Result "1/2-1/2"]
[WhiteElo "2322"]
[BlackElo "2233"]
[PlyCount "47"]
[EventDate "1997.??.??"]
[Source "www.chesslib.no"]
[SourceDate "2004.05.04"]

1. d4 f5 2. g4 d5 3. gxf5 Bxf5 4. Bh3 e6 5. Bxf5 exf5 6. Nf3 c6 7. Bf4 Nd7 8. Qd3 g6 9. Qb3 Qb6 10. Nbd2 Ngf6 11. Rg1 O-O-O 12. O-O-O Ne4 13. Rg2 Bg7 14. e3 Qxb3 15. Nxb3 Rde8 16. h4 Re7 17. h5 Bf6 18. hxg6 hxg6 19. Rdg1 Reh7 20. Rxg6 Nxf2 21. Ng5 Bxg5 22. R6xg5 Rh1 23. Rg7 b6 24. a4 1/2-1/2

[Event "It (Men) Dnepropetrovsk UKR"]
[Site "?"]
[Date "2006.04.??"]
[Round "2"]
[White "Stupak Kirill"]
[Black "Moskalets Svetlana"]
[Result "0-1"]
[WhiteElo "2414"]
[BlackElo "2138"]
[PlyCount "102"]
[EventDate "2006.??.??"]
[Source "www.chesslib.no"]
[SourceDate "2004.05.04"]

1. d4 f5 2. g4 fxg4 3. Nc3 d5 4. Bf4 Nf6 5. Qd2 Bf5 6. h3 g3 7. Bxg3 e6 8. a3 a6 9. Bg2 Nc6 10. O-O-O Bd6 11. Nf3 Bxg3 12. fxg3 Ne4 13. Nxe4 Bxe4 14. h4 Qd6 15. Bh3 h6 16. Qe3 Na5 17. Rhg1 Nc4 18. Qc3 O-O-O 19. Ne5 Nxe5 20. dxe5 Qe7 21. Rgf1 Rhf8 22. Qb4 Rfe8 23. Qxe7 Rxe7 24. Rf4 Rde8 25. h5 c6 26. b4 Kc7 27. c3 a5 28. Rdf1 axb4 29. axb4 c5 30. bxc5 Kc6 31. Rf8 Rxf8 32. Rxf8 Kxc5 33. Kd2 d4 34. Rc8+ Bc6 35. Rd8 dxc3+ 36. Kxc3 Bb5 37. e3 Be2 38. Rd6 Bxh5 39. Rxe6 Rxe6 40. Bxe6 Bf3 41. Bc8 b5 42. e6 Kd6 43. Bd7 Be2 44. Kd2 Bc4 45. Kc3 g5 46. e4 h5 47. Kd4 h4 48. gxh4 gxh4 49. Ke3 b4 50. Kf4 Bxe6 51. Ba4 h3 0-1

[Event "Wch U20"]
[Site "Matinhos"]
[Date "1994.??.??"]
[Round "?"]
[White "Barkhagen, Jonas"]
[Black "Meldrum, Andrew"]
[Result "1-0"]
[WhiteElo "2430"]
[BlackElo "2120"]
[PlyCount "41"]
[EventDate "1994.09.??"]
[Source "www.chesslib.no"]
[SourceDate "2004.05.04"]

1. d4 f5 2. g4 fxg4 3. h3 g3 4. fxg3 Nf6 5. Bg2 d5 6. g4 Qd6 7. Nc3 Qg3+ 8. Kf1 e6 9. e4 dxe4 10. Nge2 Qh4 11. Nxe4 Nxe4 12. Bxe4 Bd6 13. Kg2 O-O 14. Be3 Nc6 15. Qd2 Bd7 16. Raf1 h6 17. c4 e5 18. d5 Nd4 19. Ng3 Rae8 20. Nh5 Qe7 21. Bxh6 1-0

[Event "Saitek US Masters"]
[Site "Hawaii"]
[Date "1998.??.??"]
[Round "4"]
[White "Martinovsky, Eugene"]
[Black "Kaugars, Agnis"]
[Result "1-0"]
[WhiteElo "2365"]
[BlackElo "2175"]
[PlyCount "67"]
[EventDate "1998.07.??"]
[Source "www.chesslib.no"]
[SourceDate "2004.05.04"]

1. d4 f5 2. g4 fxg4 3. Bf4 Nf6 4. Nc3 d5 5. h3 g6 6. Qd2 c6 7. O-O-O Na6 8. hxg4 Bxg4 9. f3 Be6 10. Nh3 Qd7 11. Ng5 Bg8 12. e4 dxe4 13. fxe4 Bg7 14. Bh3 e6 15. Rhe1 Nh5 16. d5 Nc5 17. Be3 h6 18. Nf3 b6 19. Bxc5 bxc5 20. Qe3 Bd4 21. Nxd4 cxd4 22. Qxd4 Rh7 23. Qg1 Nf4 24. dxe6 Qc7 25. Rd7 Qe5 26. Bf5 Rg7 27. Rxg7 Qxg7 28. Qc5 Qb7 29. Qd6 g5 30. e7 Rb8 31. b3 Be6 32. Bxe6 Nxe6 33. Qxe6 Qxe7 34. Qxc6+ 1-0

[Event "Young Masters 5th"]
[Site "Loures"]
[Date "1998.11.08"]
[Round "6"]
[White "Pinho, Paulo"]
[Black "Santo Roman, Marc"]
[Result "0-1"]
[WhiteElo "2150"]
[BlackElo "2375"]
[PlyCount "64"]
[EventDate "1998.11.09"]
[Source "ChessBase"]
[SourceDate "1999.01.01"]

1. d4 f5 2. g4 fxg4 3. h3 d5 4. hxg4 Bxg4 5. Qd3 Nf6 6. f3 Bh5 7. Nh3 Nc6 8. Bf4 Qd7 9. Ng5 Bg6 10. Qe3 Bf5 11. Bh3 Bxh3 12. Rxh3 O-O-O 13. Rh2 e6 14. Nc3 e5 15. Bxe5 Nxe5 16. dxe5 d4 17. Qd3 dxc3 18. exf6 cxb2 19. Rb1 gxf6 20. Ne4 Qg7 21. Qe3 f5 22. Ng5 Bb4+ 23. Kf1 Bd2 24. Qe6+ Kb8 25. Nh3 f4 26. Rg2 Qc3 27. Qb3 Qxb3 28. cxb3 Bc1 29. Nf2 Rd2 30. Nd3 Rd1+ 31. Ne1 Rhd8 32. Rg7 a6 0-1

[Event "South Wales Masters"]
[Site "Monmouth"]
[Date "1999.07.22"]
[Round "6"]
[White "Cast, Abigail"]
[Black "Marusenko, Peter"]
[Result "1/2-1/2"]
[WhiteElo "2118"]
[BlackElo "2406"]
[PlyCount "79"]
[EventDate "1999.07.??"]
[Source "www.chesslib.no"]
[SourceDate "2004.05.04"]

1. d4 f5 2. g4 d5 3. Bf4 Nf6 4. h3 Nc6 5. Nc3 a6 6. Bg2 fxg4 7. hxg4 Bxg4 8. Nf3 e6 9. a3 Bxf3 10. Bxf3 Bd6 11. Bg5 Be7 12. Qd3 Qd6 13. Bxf6 Bxf6 14. e3 h6 15. Qg6+ Kd7 16. Bg4 Rae8 17. O-O-O Kd8 18. Na4 Kc8 19. Nc5 Kb8 20. Qd3 Ka7 21. Be2 Nb8 22. f4 Nd7 23. b4 Nxc5 24. bxc5 Qc6 25. Kd2 g5 26. Qg6 Rhf8 27. Qxh6 gxf4 28. Qxf4 e5 29. dxe5 Bxe5 30. Qb4 Bf6 31. Rb1 Bg5 32. Rb3 d4 33. Rhb1 Bxe3+ 34. Kd1 Qh1+ 35. Qe1 Qxe1+ 36. Kxe1 Rb8 37. c6 bxc6 38. Rxb8 Rxb8 39. Rxb8 Kxb8 40. Bxa6 1/2-1/2